Name The British Figure - Statistics

General Stats
  • This quiz has been taken 32 times
  • The average score is 7 of 8
Answer Stats
Picture Answer % Correct
Margaret Thatcher
100%
Queen Victoria
100%
Winston Churchill
100%
King Henry VIII
96%
William Shakespeare
96%
David Cameron
89%
Isaac Newton
82%
Oliver Cromwell
61%
No matching quizzes found
Score Distribution
Percent of People with Each Score
Percentile by Number Answered
Your Score History
You have not taken this quiz